Textbook of physiology and biochemistry (Record no. 74884)
[ view plain ]
| 000 -LEADER | |
|---|---|
| fixed length control field | 01073cam a2200349 4500 |
| 001 - CONTROL NUMBER | |
| control field | 74884 |
| 003 - CONTROL NUMBER IDENTIFIER | |
| rucl marc code | BD-RjUL |
| 005 - DATE AND TIME OF LATEST TRANSACTION | |
| control field | 20211209082621.0 |
| 008 - FIXED-LENGTH DATA ELEMENTS--GENERAL INFORMATION | |
| fixed length control field | 730525s1972 stka b 001 0 eng b |
| 020 ## - INTERNATIONAL STANDARD BOOK NUMBER | |
| International Standard Book Number | 0443009848 |
| 035 ## - SYSTEM CONTROL NUMBER | |
| System control number | (BD-RjUL)75102 |
| 040 ## - CATALOGING SOURCE | |
| Original cataloging agency | DLC |
| Transcribing agency | DLC |
| Modifying agency | DLC |
| Language of cataloging | eng |
| 041 ## - LANGUAGE CODE | |
| Language code of text/sound track or separate title | eng |
| 060 ## - NATIONAL LIBRARY OF MEDICINE CALL NUMBER | |
| Classification number | QT104 B433t 1972 |
| 082 00 - DEWEY DECIMAL CLASSIFICATION NUMBER | |
| Classification number | 612.015 |
| Edition number | 23 |
| Author mark and year | BET 1972 |
| 100 1# - MAIN ENTRY--PERSONAL NAME | |
| Personal name | Bell, George Howard. |
| 9 (RLIN) | 226077 |
| 245 10 - TITLE STATEMENT | |
| Title | Textbook of physiology and biochemistry |
| Statement of responsibility, etc. | [by] George H. Bell, J. Norman Davidson [and] Donald Emslie-Smith. |
| 250 ## - EDITION STATEMENT | |
| Edition statement | 6th ed. |
| 260 ## - PUBLICATION, DISTRIBUTION, ETC. (IMPRINT) | |
| Place of publication, distribution, etc. | Edinburgh, |
| Name of publisher, distributor, etc. | English Language book Society, |
| Date of publication, distribution, etc. | 1965. |
| 300 ## - PHYSICAL DESCRIPTION | |
| Pagination | xii,1140, p. : |
| Illustrations | illus. (some col.) |
| Size | 22 cm. |
| 350 ## - PRICE (NR) (BK AM CF MU VM SE) [OBSOLETE] | |
| Price | £5.00 |
| 504 ## - BIBLIOGRAPHY, ETC. NOTE | |
| Bibliography, etc | Includes bibliographies. |
| 650 #2 - SUBJECT ADDED ENTRY--TOPICAL TERM | |
| Topical term or geographic name as entry element | Physiology. |
| 9 (RLIN) | 226078 |
| Topical term or geographic name as entry element | Biochemistry |
| 9 (RLIN) | 226086 |
| 700 1# - ADDED ENTRY--PERSONAL NAME | |
| Personal name | Davidson, John Norman, |
| Personal name | Emslie-Smith, Donald, |
| 906 ## - LOCAL DATA ELEMENT F, LDF (RLIN) | |
| a | 7 |
| b | cbc |
| c | orignew |
| d | 3 |
| e | ncip |
| f | 19 |
| g | y-gencatlg |
| 942 ## - ADDED ENTRY ELEMENTS (KOHA) | |
| Source of classification or shelving scheme | Dewey Decimal Classification |
| Koha item type | Books |
| Lost status | Source of classification or shelving scheme | Damaged status | Not for loan | Collection code | Permanent Location | Current Location | Shelving location | Date acquired | Source of acquisition | Cost, normal purchase price | Total Checkouts | Full call number | Date last seen | Copy number | Koha item type |
|---|---|---|---|---|---|---|---|---|---|---|---|---|---|---|---|
| Dewey Decimal Classification | Not For Loan | Non-fiction | Central Library, University of Rajshahi | Central Library, University of Rajshahi | Reading Room | 24/02/1977 | Dhaka Ahmed book | 100.00 | 612.015 BET 1972 | 15/12/2018 | C-1 | Books |